Music Quiz

Random Music or Quick Pick Quiz
Score 0/14 Timer 01:30
1 Play Today
% Correct
Outkast
99.5%
Kendrick Lamar
85.6%
Kanye West
84.2%
M83
82.7%
Drake
81.7%
LCD Soundsystem
77.9%
Animal Collective
77.4%
% Correct
Justin Timberlake (feat. T. I.)
76.4%
Grimes
75%
Future Islands
72.1%
Ariel Pink's Haunted Graffiti
66.8%
Antony and the Johnsons
62%
Hercules and Love Affair
56.3%
Annie
53.4%
Remove Ads.
Support Sporcle.
Get the best of Sporcle when you Go Orange. This ad-free experience offers more features, more stats, and more fun while also helping to support Sporcle. Thank you for becoming a member.

You're not logged in!

Compare scores with friends on all Sporcle quizzes.
OR
Log In

Show Comments

Extras

Top Quizzes Today


Score Distribution

Your Account Isn't Verified!

In order to create a playlist on Sporcle, you need to verify the email address you used during registration. Go to your Sporcle Settings to finish the process.

Report this User

Report this user for behavior that violates our Community Guidelines.

Details: